LEADER 01765nam a2200373 a 4500 001 000000152790 003 CaOOAMICUS 005 20160712083812.0 008 160712s2016 it u000 u ita r 020 $a978-88-9317-029-1* 032 $aLibriCat 040 $aPUL$bita 082 04$a348.45 110 1 $aItalia.$0(OLS)http://pul/name/1188 245 10$aCodice della privacy /$ca cura di Emilio Tosi. 246 34$aCodice della privacy :$btutela e sicurezza dei dati personali 250 $a10. ed. 260 $aPiacenza :$bLa Tribuna,$cİ2016. 300 $a1458 p. ;$c20 cm. 490 1 $aCodici vigenti 2016 500 $aSulla cop.: Aggiornato con il Reg. Privacy UE 2016/679 27 aprile 2016. Normativa complementare in materia di: dati bancari, assicurativi e finanziari, controllo dei lavoratori, dati su internet, dati sanitari, dati giudiziari, sicurezza dei dati. 650 4$aTutela (Diritto).$0(OLS)http://pul/subject/18065 650 4$aDiritto alla riservatezza$zItalia.$0(OLS)http://pul/subject/33814 700 1 $aTosi, Emilio.$0(OLS)http://pul/name/47659 830 0$aCodici vigenti 2016.$0(OLS)http://pul/title/189041 850 $aPUL 852 $aPUL$W1$xDP2 Diritto e Scienze Sociali 3$y110$m348. 45 COD 3.1.72$j176115$qDDC 21$B178287$CPULBib$Z2$F178287 $H127959 $81 941 1 $a9 996 $6020$a978-88-9317-029-1*$9(OLS)http://pul/number/160604 996 $6082$a348.45$9(OLS)http://pul/classification/373 996 $6245$aCodice della privacy$9(OLS)http://pul/title/192206 996 $6246$aCodice della privacy :$btutela e sicurezza dei dati personali$9(OLS)http://pul/title/192207 996 $6260$aPiacenza :$bLa Tribuna$9(OLS)http://pul/publisher/69734 LEADER 01549cam a2200337 a 4500 001 000000158130 003 CaOOAMICUS 005 20170124124838.0 008 170124s2017 enk b 000 u eng r 020 $a978-0-567-66812-7* 032 $aLibriCat 040 $aPUL$bita 082 04$a225.6 245 00$aReading Acts in the discourses of masculinity and politics / $cedited by Eric D. Barreto, Matthew L. Skinner and Steve Walton. 260 $aLondon, New York :$bBloomsbury T&T Clark,$c2017. 300 $axvii, 186 p. ;$c24 cm. 490 1 $aLibrary of New Testament studies ;$v559 504 $aBibliografia in nota. 630 04$aBiblia.$pN.T.$pActus apostolorum.$xCritica e interpretazione.$0(OLS)http://pul/subject/1725 700 1 $aWalton, Steve.$0(OLS)http://pul/name/87605 700 1 $aSkinner, Matthew L.$0(OLS)http://pul/name/51539 700 1 $aBarreto, Eric D.,$d1980-$0(OLS)http://pul/name/78570 830 0$aLibrary of New Testament studies ;$v559.$0(OLS)http://pul/title/158087 850 $aPUL 852 $aPUL$W1$xSL Religione 3$y85$m225. 6 COLL 1.559$j181465$qDDC 21$B184606$CPULBib$Z2$F184606 $H128815 $81 941 1 $a9 996 $6020$a978-0-567-66812-7*$9(OLS)http://pul/number/161881 996 $6082$a225.6$9(OLS)http://pul/classification/1734 996 $6245$aReading Acts in the discourses of masculinity and politics / $9(OLS)http://pul/title/197738 996 $6260$aLondon, New York :$bBloomsbury T&T Clark$9(OLS)http://pul/publisher/82359